| 000 | 00493nam a2200193Ia 4500 | ||
|---|---|---|---|
| 003 | GCL | ||
| 008 | 140319s9999 xx 000 0 ara d | ||
| 040 |
_aGCL / _cGCL |
||
| 082 | 0 | 4 |
_a953.2 _bم م |
| 100 | 1 | _aمحمود جبريل | |
| 245 | 1 | 0 |
_aمؤامرة فى عدن / _cمحمود جبريل |
| 300 | _a45 | ||
| 490 |
_aكتب قومية _v0 |
||
| 650 | 0 | 4 | _aاليمن |
| 650 | 0 | 4 | _aعائد |
| 650 | 0 | 4 | _aعدن |
| 650 | 0 | 4 | _aالاستعمار الاوروبى |
| 942 |
_2ddc _cBK |
||
| 999 |
_c40838 _d40838 |
||